Представление документа в формате RUSMARC

ПолеНазваниеЗначение
  Тип записи a
  Библиографический уровень m
001 Контрольный номер UONB/MAIN/f4606305daeb4263be708ba958dc6c9d
005 Дата корректировки 20260422151951.0
010 Индекс ISBN __
a ISBN 978-5-6047099-6-2
9 Тираж 250 экз.
b Уточнения в пер.
100 Данные общей обработки __
a Данные общей обработки 20260422d2026 u y0rusy0189 ca
101 Язык документа 0_
a Язык текста rus
102 Страна публикации __
a Страна публикации RU
105 Кодированные данные (монография) __
a Кодированные данные (монография) a z 000yy
200 Заглавие и сведения об ответственности 1_
a Заглавие "Живи, как Бог велит". Священник Николай Еделькин и село Еделево
f Первые сведения об ответственности Ольга Новосад
203 Вид содержания и тип средства __
a Вид содержания Текст
b Характеристика содержания визуальный
c Тип средства непосредственный
210 Выходные данные 1_
a Место издания Ульяновск
c Издательство Издательсво Симбирской епархии
d Дата издания 2026
215 Физическое описание __
a Объем 148, [3] с.
d Формат 21 см
c Иллюстрации/тип воспроизводства ил., портр., цв. фот.
333 Примечание о целевом назначении __
a Примечание о целевом назначении 12+
606 Тематические рубрики 0_
a Основная рубрика Храмы православные
x Основная подрубрика История
686 Индексы других классификаций __
2 Код системы rubbk
a Классификационный индекс 63.3(2Рос-4Уль)
686 Индексы других классификаций __
a Классификационный индекс 86.372.24-65
2 Код системы rubbk
700 Автор _1
a Фамилия Новосад
b Имя (инициалы) О. Н.
g Полное личное имя Ольга Николаевна
801 Источник записи _0
a Страна RU
b Организация Ульяновская ОНБ
c Дата составления 20260422
g Правила каталогизации RCR
801 Источник записи _1
a Страна RU
b Организация Ульяновская ОНБ
c Дата составления 20260422
g Правила каталогизации RCR
900 Электронные ресурсы __
a Имя электронного ресурса 202604160023
900 Электронные ресурсы __
a Имя электронного ресурса 202604160024
901 Тип документа __
t Тип документа m
909 Создатель записи __
a Создатель записи Макушик
b Дата создания записи 20260422